Súčasná zahraničná a hospodárska politika Rakúskej republiky diplomová práca

Salvato in:
Dettagli Bibliografici
Autore principale: Gebrlínová, Bianca
Ente Autore: Fakulta medzinárodných vzťahov EU. Katedra medzinárodných politických vzťahov
Altri autori: Csányi, Peter, 1978-
Natura: Libro
Lingua:slovacco
Pubblicazione: Bratislava 2025
Tags: Aggiungi Tag
Nessun Tag, puoi essere il primo ad aggiungerne!!

MARC

LEADER 00000nbm a2200000 4500
001 0309577
005 20260123101520.0
041 0 |a slo 
044 |a SK 
245 1 0 |a Súčasná zahraničná a hospodárska politika Rakúskej republiky  |b diplomová práca  |c Bianca Gebrlínová ; školiteľ: Peter Csányi 
264 1 |a Bratislava  |c 2025 
300 |a 87 s. 
100 1 |a Gebrlínová, Bianca 
700 1 |a Csányi, Peter, 1978- 
710 2 |a Fakulta medzinárodných vzťahov EU. Katedra medzinárodných politických vzťahov